01704nam a2200265 i 4500003000900000005001700009007000300026008004100029020001800070040003000088082000700118100004600125245021600171264006000387300005500447336002700502337003300529338002800562500005700590505061200647700005101259700004901310700004301359700003601402DO-SdBNP20240320134830.0ta240320b2023 dr ac||| |||| 00| 0 dr d a9789945132182 aDO-SdBNPbspacBNPHUerda 4222 aRodríguez Pilier, Iván,d1938-eautor10aIván Rodríguez Pilier :btestimonios de una vida dedicada a la revolución /cIván Rodríguez Pilier ; cuidado de edición, Julio Díaz Campusano, Alfonso Tprres Ulloa, Manuel Salazar ; transcripción aSanto Domingo :bArchivo General de la Nación,c2023. a288 páginas :bilustraciones, retratos ;c23 cm. 2rdacontentatextobtxt 2rdamediaasin mediaciónbn 2rdacarrieravolumenbnc aIncluye datos biográficos del autor en las solapas aDedicatoria--tAgradecimientos --tReconocimientos--tPresentación /rFulgencio Severino--tPreludio/rManuel Salazar--tIván Rodríguez. Experiencias social, política, familiar/tEl 14 de Junio y la guerrilla del 1963--tel 1J4. Revolución cubana de 1959, influencia--tel1J4. Muerte de Manolo. viaje a China--tPrisión. Libertad. Represión Balaguerista. La UPA--tEstallido del Bloque Soviético."Socialismo Real"--tEl 1J4. Linea Roja. UPA--tDefensa de la Revolución Cubana. Instituto Amistad con los Pueblos. Escuela Hermanas Mirabal--tRegreso de China. Ruptura Movimiento 14 de Junio.1 aDíaz Campusano, Julio,ecuidado de edición1 aTorres Ulloa, Alfonso,ecuidado de edición1 aSalazar, Manuel,ecuidado de edición1 aArias, Manuel,etranscripción